The Doors: Albums by Cover - Statistics

General Stats
  • This quiz has been taken 60 times
  • The average score is 7 of 9
Answer Stats
Picture Hint Answer % Correct
1967 The Doors
98%
1971 L.A. Woman
92%
1970 Morrison Hotel
92%
1967 Strange Days
88%
1969 The Soft Parade
80%
1968 Waiting for the Sun
80%
1978 An American Prayer
64%
1971 Other Voices
50%
1972 Full Circle
46%
No matching quizzes found
Score Distribution
Percent of People with Each Score
Percentile by Number Answered
Your Score History
You have not taken this quiz